00351 2200157 4500245003800000020002200038250001100060100001800071650001600089005001900105260002300124041001400147084000800161300001500169336000900184 aYellovefliescNita TrismayahText a978-979-19409-0-0 aCet. 1 aNita Trismaya aNovel Fiksi a20230110074743 aJakartabBuku Kita aIndonesia a813 a336 hlm. : atext